载入...
Enhancing rabi production plan -2016
| 格式: | Report |
|---|---|
| 出版: |
New Delhi
Indian council of agricultural research
|
| LEADER | 00458nam a22001337a 4500 | ||
|---|---|---|---|
| 003 | OSt | ||
| 082 | |a ICAR/CRIDA/2016 | ||
| 245 | |a Enhancing rabi production plan -2016 | ||
| 260 | |a New Delhi |b Indian council of agricultural research | ||
| 300 | |a 58p. | ||
| 546 | |a English | ||
| 942 | |2 ddc |c REP | ||
| 999 | |c 162458 |d 162458 | ||
| 952 | |0 0 |1 0 |2 ddc |4 0 |6 ICARCRIDA_2016_000000000000000 |7 0 |9 161500 |a KAUCLV |b KAUCLV |c REPORTS |d 2018-11-07 |o ICAR/CRIDA/2016 |p 809000 |r 2018-11-07 |w 2018-11-07 |y REP | ||